| 000 | 01034nam a2200289 a 4500 | ||
|---|---|---|---|
| 001 | 58789 | ||
| 003 | BD-RjUL | ||
| 005 | 20211209080646.0 | ||
| 008 | 161219s1997 ii b 001 0 eng d | ||
| 020 | _a8125902198 | ||
| 035 | _a(BD-RjUL)58913 | ||
| 035 | _a1654026 | ||
| 040 |
_aANL _beng _cANL _dBD-RjUL |
||
| 041 | _aeng | ||
| 082 | 0 | 4 |
_a352.266091724 _223 _bSTR 1997 |
| 245 | 0 | 0 |
_aStrategic management of public enterprises in developing countries / _ceditors, S. Ramnarayan, I.M. Pandey. |
| 260 |
_aNew Delhi : _bVikas Pub. House, _c1997. |
||
| 300 |
_aviii, 326 p. : _bill., map ; _c25 cm. |
||
| 504 | _aIncludes bibliographical references and index. | ||
| 650 | 0 |
_aGovernment business enterprises _zDeveloping countries. _9174775 |
|
| 650 | 0 |
_aPublic administration _zDeveloping countries. _9174776 |
|
| 650 | 0 |
_aStrategic planning _zDeveloping countries. _9174777 |
|
| 651 | 0 |
_aDeveloping countries _xEconomic conditions. _9174336 |
|
| 700 | 1 |
_aRamnarayan, S. _9174778 |
|
| 700 | 1 |
_aPandey, I. M. _9174779 |
|
| 942 |
_2ddc _cBK |
||
| 999 |
_c58789 _d58789 |
||